| 000 | 01208cab a2200289 4500 | ||
|---|---|---|---|
| 001 | ABS50773 | ||
| 008 | 090401t1994 xxu||||| |||| 00| 0 eng d | ||
| 035 | _a(Sirsi) u42099 | ||
| 041 | _aeng | ||
| 100 | _aSilke, E. | ||
| 245 | _aCable: carving up a street near you | ||
| 260 | _c1994 | ||
| 350 | _a0 | ||
| 490 |
_aSurveyor _v181(5291) 12 May 1994, 12-14(3) |
||
| 520 | _aCable-laying by telecommunications firms over the last year or so has caused much damage and introduced problems for the enforcement of the New Roads and Streetworks Act. Criticism from local authorities points to the inappropriateness of the Act for dealing with such large scale projects over a four year span, as compared with the traditional utilities, and seeks more effective supervisory controls with larger fines for transgressions. | ||
| 650 | _aCABLES | ||
| 650 | _aCODE OF PRACTICE | ||
| 650 |
_aInspection _96248 |
||
| 650 | _aNEW ROADS AND STREET WORKS ACT 1991 | ||
| 650 | _aREINSTATEMENT | ||
| 650 | _aPROPERTY-INFRASTRUCTURE-TRANSPORT INFRASTRUCTURE-ROAD INFRASTRUCTURE | ||
| 650 | _aSUPERVISION | ||
| 650 | _aTREES | ||
| 690 | _aTRANSPORT AND COMMUNICATIONS | ||
| 942 | _n0 | ||
| 948 | _c04/03/1997 | ||
| 999 |
_c27045 _d27045 |
||